Tekst piosenki "Teksański" Hey - Statystyki

Ogólne statystyki
  • Ten quiz został rozwiązany 65 razy
  • Średni wynik to 57 z 83
Statystyki odpowiedzi
Tekst % Poprawnych
93%
a
91%
a
91%
A
91%
się
91%
się
91%
się
91%
się
91%
tekst
91%
mucha
89%
to
89%
to
89%
je
87%
je
87%
je
87%
je
87%
musi
87%
piosenka
87%
posiadać
87%
Gdyby
85%
opisać
85%
W
85%
w
85%
w
85%
zabić
85%
Mogłabym
84%
później
84%
zjawiła
84%
nic
80%
nic
80%
chociaż
78%
jest
78%
Obowiązek
78%
obowiązkiem
78%
ci
76%
słowa
75%
słowa
75%
zapada
75%
zmrok
75%
Nie
73%
pod
73%
ciągle
69%
Herbata
67%
stygnie
67%
czai
65%
moich
65%
piórem
65%
słowach
64%
znaczą
64%
sam
62%
sam
62%
sam
62%
sam
62%
sobie
60%
wymyśl
60%
Chcesz
58%
słoma
58%
gry
56%
może
56%
zasady
56%
zmienić
56%
diabła
55%
Jeśli
55%
usłyszeć
55%
sensu
51%
szukasz
51%
Zawiedziesz
49%
zmienią
49%
Pomoże
47%
myśli
45%
nich
45%
prawdy
45%
weź
45%
Nabij
42%
śmierci
42%
Wyśpiewasz
42%
Wyśpiewasz
42%
wyśpiewasz
42%
Wyśpiewasz
42%
wyśpiewasz
42%
chmurę
40%
twe
40%
Wnet
33%
Nie znaleziono quizów pasujących do podanych kryteriów
Rozkład punktacji
Procent ludzi z każdym wynikiem
Percentyl według liczby udzielonych odpowiedzi
Twoja historia wyników
Nie rozwiązałeś tego quizu